[Event "79th Idaho State Championship"]
[Site "Boise, ID"]
[Date "2025.02.16"]
[Round "4"]
[White "Wei, James"]
[Black "Machin, Alex James"]
[Result "1-0"]
[Annotator "Ralph Dubisch"]
[WhiteElo "2136"]
[BlackElo "1791"]
[PlyCount "81"]
[GameId "2154302509125709"]
[EventDate "2025.02.15"]
[EventType "swiss"]
[EventRounds "6"]
[EventCountry "USA"]

{[%evp 0,81,19,17,17,38,25,25,25,10,-3,2,13,3,21,-4,-10,-9,-16,-21,4,5,2,4,4,10,10,-50,32,28,24,36,24,5,5,1,13,-18,0,-9,-12,-73,-36,-31,-25,-11,-16,-11,-16,-16,-19,-31,-35,-38,0,-51,-68,-77,-74,-75,-56,-31,-31,-48,-8,-14,-12,-27,-16,-29,111,124,143,143,338,388,938,949,965,987,984,934,996,1019]} 1. e4 e5 2. Nf3 Nc6 3. Bb5 a6 4. Ba4 Nf6 5. O-O b5 (5... Be7 {is the main line of theory, with positions studied literally for well over a century in some cases.} 6. Re1 b5 7. Bb3 d6 (7... O-O 8. c3 d5 {begins the Marshall Gambit.}) 8. c3 O-O 9. h3 {, and now with White finally ready to push d2-d4, Black can choose between ...Re8, ...Bb7, ...Nb8, and ...Na5, at least. Of course White could decide to play more quietly, going for d2-d3 somewhere along the line. Well trodden paths all.}) 6. Bb3 Bb7 (6... Bc5 {is an active alternative.}) 7. c3 (7. d3 {is a bit more common in this line.}) 7... Nxe4 8. Re1 ({Now} 8. d4 {is the more standard response to the grabby ...Ne4:} Na5 (8... exd4 9. Re1 d5 10. Ng5 Qd7 {is double-edged. Both f2‐f3 and Rxe4+ have been tried here.} 11. Rxe4+ (11. f3 h6 12. Nxf7 Qxf7 13. fxe4 O-O-O $13) 11... dxe4 12. Bxf7+ Ke7 13. Be6 Qd6 14. Qh5 {seems to trend in Black's favor.}) 9. Bc2 {with complications.}) 8... Nc5 (8... d5 {is also reasonable.}) 9. Bd5 $5 Be7 (9... Nd3 10. Re3 Nf4 11. Bxc6 Bxc6 12. Nxe5 Be7 13. Nxc6 dxc6 14. d4 $13) 10. Nxe5 Nxe5 11. Bxb7 Nxb7 ({Other moves are possible. For example,} 11... Ncd3 12. Bxa8 Qxa8 13. Rxe5 (13. Re3 Qd5 {is a nice bind.}) 13... Nxe5 14. d4 Ng6 {looks pretty balanced.}) 12. Rxe5 O-O 13. a4 (13. d4 {gets on with normal development.}) 13... d6 14. Re1 Qd7 15. d4 d5 16. Bf4 Bd6 17. Bxd6 Nxd6 18. a5 $6 ({A tiny release of tension. Better to develop with} 18. Nd2 {.}) 18... Rfe8 19. Rxe8+ Rxe8 20. b3 $6 ({Creating a small weakening while not completing development. After} 20. Nd2 {Black's position has a bit more visual appeal due to piece harmony, but it's unlikely to mean much.}) 20... Qg4 ({Flashy, but perhaps misguided if Black is trying for advantage. The black queen is superior to White's, so should not seek exchange.} 20... Qf5 $1 {to meet} 21. Nd2 {with} Qd3 $15 {is turning into something real.}) (20... Qc6 $5 {is another idea to annoy White by pressuring c3.}) 21. Nd2 Qe2 22. Qxe2 Rxe2 23. Rd1 Ne4 24. Nxe4 dxe4 25. c4 b4 26. d5 Kf8 27. g4 Ra2 28. Re1 Rxa5 29. Rxe4 Ra1+ 30. Kg2 a5 31. Re3 a4 32. bxa4 Rxa4 33. Kf3 Ra3 ({Over the last ten moves there may have been more precise move orders, and even ways for Black to be ahead a pawn or so. There was, however, no clear path to actual winning chances for either player.} 33... b3 34. Rxb3 Rxc4 {now is a clear draw.}) 34. Ke4 Rxe3+ $4 ({Rook endings are notoriously drawish, while pawn endings can be treacherous. This one is just lost for Black.} 34... b3 35. Kd3 (35. Re1 b2 36. Rb1 Rc3 (36... Rb3 {is fine as well.}) 37. Rxb2 Rxc4+ 38. Kf3 Ke7) (35. Re2 Ra2 36. Re3 Ra3 (36... Rxf2 37. Rxb3 Rxh2 $2 (37... Ke7) 38. Rb7 $16 {looks too dangerous.})) 35... Ra2 {is one safe line.} (35... b2+ 36. Kc2 Ra4 37. Rc3 Rb4 38. Kb1)) (34... Ke7 {is also defensible, even if the b-pawn is lost.}) 35. fxe3 g5 36. c5 f5+ 37. gxf5 Ke7 {I'm not sure at what point Black realized that exchanging rooks was a fatal error. It's possible at some point in the analysis, perhaps back around move 33 or so, he saw that he could create widely separated passed pawns by advancing the g- and h-pawns and decoying the white king to one side while the pawn(s) on the other wing run home. True, except White has the same trick, only faster.} 38. d6+ cxd6 39. c6 d5+ 40. Kd3 Kd6 41. f6 1-0

[Event "79th Idaho State Championship"]
[Site "Boise, ID"]
[Date "2025.02.17"]
[Round "6"]
[White "Roland, Jeffrey T"]
[Black "Gorman, Cody"]
[Result "0-1"]
[Annotator "Ralph Dubisch"]
[WhiteElo "1700"]
[BlackElo "1917"]
[PlyCount "58"]
[GameId "2146520959643756"]
[EventDate "2025.02.15"]
[EventType "swiss"]
[EventRounds "6"]
[EventCountry "USA"]

{[%evp 0,58,30,38,71,30,11,17,17,23,11,-48,-41,-48,2,-53,-7,-26,-26,-29,-17,-20,13,-45,-53,-55,-68,-68,-31,-30,-34,-31,-56,-70,-60,-116,-53,-77,-67,-92,-76,-74,-88,-96,-100,-103,-129,-128,38,-130,-126,-190,-181,-182,-158,-799,-764,-1340,-1327,-2221,-2267]} 1. e4 c6 2. c4 d5 3. exd5 cxd5 4. d4 Nf6 5. Bg5 Ne4 6. Be3 Nc6 7. Nf3 e6 8. c5 Qa5+ 9. Nbd2 b6 10. Be2 (10. a4 $5 {anchors the b5-square for a possible bishop pin. It seems necessary for Black to defend.} a6 (10... bxc5 11. Bb5 Bd7 12. dxc5 $14 {Black can capture on c5, but there will be tactics along the c-file.}) 11. cxb6 Qxb6 (11... Nxd2 12. Bxd2 Qxb6 13. a5 $5 {and if} Qxb2 14. Rb1 Qa3 15. Rb6 Nxa5 16. h4 $5 {intending Rh3, Stockfish gives White full compensation for the pawns.}) 12. Nxe4 dxe4 13. Nd2 {with the point} Nxd4 14. a5 $1 Qxb2 15. Qa4+ Nb5 16. Rb1 Qc3 (16... Qe5 17. Rxb5 $1 axb5 18. Bxb5+ Ke7 19. O-O {with enormous compensation for the exchange: king safety, development, coordination.}) 17. Qxe4 Rb8 18. Bxb5+ Rxb5 19. O-O $13) 10... bxc5 11. dxc5 $2 (11. O-O {is much stronger, offering decent compensation for the pawn.} cxd4 (11... Nxd2 12. Bxd2 Qb6 13. dxc5 Bxc5 (13... Qxb2 14. Qa4 Bd7 15. Bb5 Rc8 16. Rab1 Qf6 17. Bxc6 Bxc6 18. Qa6 Bd7 19. Bg5 Qc3 (19... Qg6 20. c6 $1 $18) 20. Rfc1 $18) 14. b4 $5 $13) 12. Nb3 Qb4 13. Nfxd4 $13) 11... Bxc5 $15 12. Bxc5 Nxc5 13. O-O Bd7 14. a3 Nb7 15. b4 Qb6 16. Nb3 Ne7 17. Nbd4 ({The knight could become a target for an advancing e-pawn. Maybe} 17. Qd2 {, intending a4-a5 expansion.}) 17... Ng6 (17... f6 18. a4 e5 19. a5 Qd6 20. Nb5 Bxb5 21. Bxb5+ Kf7 $15) 18. Qd2 (18. a4 $5) 18... Nd6 19. Bd3 O-O 20. Rfe1 Rac8 21. h4 Nc4 22. Qg5 (22. Bxc4 dxc4 23. Rac1 h5 24. Rc3 Rfd8 $15) 22... f6 23. Qh5 Nce5 $2 (23... e5 $17) 24. Rxe5 $6 ({Opportunity knocks!} 24. Nxe5 $1 fxe5 25. Bxg6 hxg6 26. Qxe5 $14) 24... fxe5 25. Ng5 (25. Bxg6 hxg6 26. Qxe5 $15) 25... Rxf2 $3 26. Qxh7+ Kf8 27. Bxg6 Qxd4 28. Qh8+ Ke7 29. Qxg7+ Rf7+ 0-1

[Event "Oregon Girls Championship"]
[Site "?"]
[Date "2025.02.02"]
[Round "1"]
[White "Shore, K Lakshmi"]
[Black "Bayrambeyli, Emel"]
[Result "0-1"]
[Annotator "Emel Bayrambeyli"]
[WhiteElo "1127"]
[BlackElo "1868"]
[PlyCount "38"]
[GameId "2151143351382072"]
[EventDate "2025.??.??"]

{Thanks to the tournament organizers for this wonderful event and the enjoyable ice cream party! Special thanks to my family for their support and to my coach, Stanislav Iljin, for his dedication and hard work. And finally, big thanks to my team, Green Chess, for their support.} 1. d4 Nf6 2. c4 e6 3. Bd2 {My opponent played an unusual move here. After spending some time I decided to play simple d5} d5 4. cxd5 exd5 5. e3 Bd6 6. Nc3 c6 {Avoiding possible Nb5} 7. Bd3 O-O 8. Nge2 Re8 9. Qc2 Nbd7 10. O-O Qe7 {I am trying to have more control on e4 to place a knight there} 11. Kh1 Ne4 {I finally placed my knight on e4 and white cannot try to remove it by pushing f3} 12. Bc1 {My opponent plays a really smart move trying to push f3 now} (12. f3 $2 Nxd2 13. Qxd2 Qxe3 {I win a pawn}) 12... Qh4 {Threatening mate on h2} 13. Nf4 Ndf6 14. g3 Qh6 15. Kg1 (15. f3 {And chasing the knight away is still not possible due to} Nxg3+) 15... g5 16. Nfe2 Ng4 {Threatening mate on h2 again} 17. h4 gxh4 18. Kg2 (18. gxh4 $2 Qxh4 {After queen takes white can't stop the mate}) 18... h3+ 19. Kf3 {King can't really go anywhere} (19. Kh1 Nexf2+ 20. Kg1 h2+ 21. Kg2 h1=Q+ 22. Rxh1 Qxh1#) (19. Kg1 Nexf2 20. Rxf2 h2+ 21. Kh1 Nxf2+ 22. Kg2 h1=Q+ 23. Kxf2 Q6h2#) 19... Nh2# {-Emel Bayrambeyli (Green Chess Club)} 0-1

[Event "Washington Winter Classic"]
[Site "Bellevue, WA"]
[Date "2024.12.21"]
[Round "1"]
[White "Thahir, Ihsan Mohamed Nedum"]
[Black "Kuipers, Miles"]
[Result "0-1"]
[Annotator "Ralph Dubisch"]
[WhiteElo "1822"]
[BlackElo "1917"]
[PlyCount "56"]
[GameId "2148608349999792"]
[EventDate "2024.??.??"]

{[%evp 0,56,28,12,67,67,67,31,42,42,42,42,42,27,33,6,16,18,17,-10,27,14,19,19,24,5,48,24,75,-222,-222,-699,-721,-1115,-1115,-1123,-289,-295,-108,-151,0,-130,-131,-125,-125,-136,-136,-398,-398,-414,-414,-593,-560,-560,-565,-1400,-1497,-29999,-29999]} 1. e4 c6 2. d4 d5 3. Nc3 dxe4 4. Nxe4 Nf6 5. Nxf6+ exf6 6. c3 Bd6 7. Be3 ({White traditionally attempts to pressure the kingside light squares with something like} 7. Bd3 O-O 8. Ne2 Re8 9. Qc2 g6 10. h4 {. Notice the dark-square bishop isn't immediately needed to block the e-file.}) 7... O-O (7... Bf5 $5) 8. Bd3 Na6 9. h3 ({Why?} 9. Qc2 {leaves White with at least a tiny edge.}) 9... Re8 10. Ne2 f5 11. O-O Nc7 12. c4 g5 $6 ({Aggressive, but weakening.} 12... Qf6 {is solid and equal.}) 13. Nc3 g4 $6 ({Consistent, but it's probably better to secure the kingside structure with} 13... h6 {and ...Qf6.}) 14. hxg4 $4 ({Black's aggression is rewarded with this line-opening error. White needed to push the bishop off of its strong diagonal first:} 14. c5 $1 Bf8 15. hxg4 $14) 14... Qh4 15. g3 (15. Re1 Qh2+ 16. Kf1 f4 $19) 15... Bxg3 16. Kg2 (16. fxg3 Qxg3+ 17. Kh1 Rxe3 $19) 16... Qh2+ 17. Kf3 fxg4+ (17... Bxf2 $1 18. Rxf2 (18. Bxf2 fxg4#) 18... Qh3+ 19. Ke2 Rxe3+ 20. Kd2 Rxd3+ $19 {is the flashier way.}) 18. Ke2 Bf4 (18... Rxe3+ 19. Kxe3 Bf4+ 20. Ke2 g3 $19) 19. Ne4 Kf8 $2 ({This could have thrown away the win.} 19... Bxe3 20. Nf6+ Kf8 21. Nxe8 Ne6 22. Nf6 Bxd4 {is still quite good for Black, though admittedly a bit murkier than some of the earlier lines.}) 20. Qd2 $2 (20. Rh1 Qg2 21. Rg1 Qh3 (21... Qf3+ 22. Kd2 Bxe3+ 23. fxe3 Qxd1+ 24. Raxd1 {when White is active and well-placed to attack Black's weaknesses.}) 22. Rh1) 20... Bxe3 21. Qxe3 Bf5 22. Rh1 $2 (22. Kd2 Bxe4 23. Bxe4 Rad8 $17) 22... Qg2 23. Qh6+ (23. Rhg1 Qxe4 24. Bxe4 Rxe4 25. Qxe4 Bxe4 26. Rxg4 {will take some technique for Black to win.}) 23... Kg8 24. Qg5+ Bg6 25. Rhg1 Rxe4+ 26. Bxe4 Qxe4+ 27. Kf1 (27. Qe3 Qc2+ 28. Kf1 Qxc4+ $19) 27... Qd3+ 28. Kg2 (28. Ke1 Re8+) 28... Qh3# 0-1

[Event "Washington Winter Classic"]
[Site "Bellevue, WA"]
[Date "2024.12.21"]
[Round "2"]
[White "Lavoice, Rich"]
[Black "Jiang, Brandon"]
[Result "0-1"]
[Annotator "Ralph Dubisch"]
[WhiteElo "1880"]
[BlackElo "2217"]
[PlyCount "26"]
[GameId "2148608349999798"]
[EventDate "2024.??.??"]

1. e4 e5 2. Nf3 d6 3. d4 exd4 4. Nxd4 Nf6 5. Nc3 g6 6. Bc4 Bg7 7. Bb3 O-O 8. Bg5 Re8 9. f3 $2 {Diagram after 9.f3} Nxe4 10. Bxd8 Nxc3+ 11. Kf2 Nxd1+ 12. Raxd1 Bxd4+ 13. Rxd4 Rxd8 0-1

[Event "Washington Winter Classic"]
[Site "Bellevue, WA"]
[Date "2024.12.21"]
[Round "2"]
[White "Pupols, Viktors"]
[Black "Wei, Jeffrey"]
[Result "1-0"]
[Annotator "Ralph Dubisch"]
[WhiteElo "2200"]
[BlackElo "1893"]
[PlyCount "93"]
[GameId "2148608349999795"]
[EventDate "2024.??.??"]

{[%evp 0,93,16,29,30,19,28,19,18,13,18,24,13,0,3,5,9,-15,10,10,16,10,18,-20,-13,-15,19,-1,0,8,7,9,76,-17,15,-53,9,-4,32,9,34,-10,-4,-27,-10,-3,-10,-20,-16,-19,-2,-4,34,32,26,37,37,-1,1,0,55,-18,161,164,171,189,245,255,248,248,254,247,290,254,279,254,312,268,352,282,286,287,285,285,386,385,624,177,652,651,657,667,670,670,739,825]} 1. d4 d5 2. Nf3 Nf6 3. e3 e6 4. Bd3 b6 5. O-O Bb7 6. b3 Bd6 7. Bb2 O-O 8. Ne5 Nbd7 9. Nd2 a5 10. Qe2 a4 11. Rac1 a3 12. Ba1 Nb8 13. c4 Na6 14. Rfd1 Nb4 15. Bb1 Ne4 16. f4 f6 17. Nef3 f5 18. Ne5 Ba6 19. Qe1 Qe8 20. Ndf3 Qe7 21. Nd3 Nxd3 22. Bxd3 Bb7 23. Ne5 Bxe5 24. dxe5 Nc5 25. Bf1 Qf7 26. Bd4 Ne4 27. c5 Rfc8 28. cxb6 c5 29. Bc3 Qe8 30. b4 Qd8 $2 (30... Nxc3 31. Qxc3 c4 $1 $13) 31. bxc5 Nxc5 32. Bd4 Na4 33. Qb4 Nb2 34. Bxb2 axb2 35. Qxb2 Rcb8 36. Rd4 Ba6 37. Rb1 Qc8 38. Rb4 Qc5 39. Qd4 Qxd4 40. exd4 Bxf1 41. Kxf1 Rxa2 42. Rc1 Rb7 43. Rb5 (43. Rc7 Rxc7 (43... Rb8 44. b7) 44. bxc7 Rc2 45. Rb8+ Kf7 46. c8=Q) 43... Ra6 44. Rc8+ Kf7 45. Rc7+ Rxc7 46. bxc7 Rc6 {Diagram after 46...Rc6 -- alternatively, one could go after 42...Rb7, but only if it really fits the page better.} 47. Rc5 1-0

[Event "Washington Winter Classic"]
[Site "Bellevue, WA"]
[Date "2024.12.21"]
[Round "2"]
[White "Kuipers, Miles"]
[Black "Ramkumar, Nikhil"]
[Result "1-0"]
[Annotator "Ralph Dubisch"]
[WhiteElo "1917"]
[BlackElo "1890"]
[PlyCount "31"]
[GameId "2148608349999796"]
[EventDate "2024.??.??"]

1. e4 c6 2. d4 d5 3. e5 Bf5 4. Nf3 e6 5. Be2 c5 6. c4 dxc4 7. Bxc4 a6 8. Nc3 Nc6 9. d5 Nb4 $2 (9... exd5 $13) 10. Qa4+ $1 {Diagram after 10.Qa4+} b5 (10... Qd7 11. Bb5 axb5 12. Qxa8+ Qd8 13. Qxb7 Nc2+ 14. Ke2 Nxa1 15. Nxb5 {with a winning attack.}) 11. Nxb5 exd5 12. Nd6+ Ke7 13. Nxf5+ Ke6 14. g4 dxc4 15. Ng5+ Kd5 {possible extra diagram after 15...Kd5} 16. O-O 1-0

[Event "E. Wa. Regionals"]
[Site "Cheney, Wa"]
[Date "2025.01.25"]
[Round "5"]
[White "Eshan Reddy, St. George HS"]
[Black "Ben Patterson, Chewelah HS"]
[Result "0-1"]
[Annotator "Randy Kaech"]
[WhiteElo "1703"]
[BlackElo "1861"]
[PlyCount "51"]
[GameId "2157085544960043"]
[EventDate "2025.??.??"]

{[%evp 0,51,27,27,27,0,0,0,41,41,51,50,66,57,96,95,87,87,87,76,89,81,81,77,93,50,72,76,65,72,102,98,107,95,92,99,99,99,167,58,66,66,66,53,53,53,57,67,67,52,44,43,67,67] The final round of the Eastern Washington Regional.  Both Eshan and Ben were undefeated -- winner takes the cake.} 1. d4 Nf6 2. c4 e6 3. Nf3 c5 {Nice move order selection. Not Bogo but Benoni, avoiding the dangerous (for Black) f4 Benoni lines.} 4. d5 exd5 5. cxd5 d6 6. Nc3 g6 7. e4 Bg7 8. Bd3 O-O 9. O-O Na6 10. a3 {Keeping the knight out of b4.} Nc7 11. Bf4 a6 12. a4 {Inhibiting ...b5.} Bg4 13. h3 Bxf3 14. Qxf3 Qd7 15. Rfe1 b5 {DIAGRAM HERE The computer really likes 16.e5 here.  White finds another, more violent way to open up the position.} 16. Bxd6 Qxd6 17. e5 Qd8 18. exf6 Bxf6 19. axb5 Bxc3 {Relinquishing the dark square bishop in order to retain the future b5 pawn.} 20. bxc3 axb5 21. Rxa8 Qxa8 22. d6 Qxf3 23. gxf3 c4 {Again rescuing the pawn on b5.} 24. Be4 Ne6 25. Bc6 Rd8 26. d7 {At Game/25, notation was halted here. Despite having a half pawn disadvantage (says Stockfish), Black went on to win the game and the tournament.} 0-1

[Event "SW WA Regionals"]
[Site "Olympia, WA"]
[Date "2025.02.01"]
[Round "5"]
[White "Jesse Aubry, Capital HS"]
[Black "Henry Graves, Capital HS"]
[Result "1-0"]
[Annotator "Randy Kaech"]
[WhiteElo "1499"]
[BlackElo "1338"]
[PlyCount "67"]
[GameId "2157085672206386"]
[EventDate "2025.??.??"]

{[%evp 0,67,27,26,41,60,55,55,33,39,38,-20,37,37,40,13,70,68,65,45,46,40,57,47,74,76,76,71,82,89,220,246,246,246,255,244,261,271,268,250,261,258,278,275,274,255,270,274,272,242,228,234,321,328,353,350,360,357,355,359,364,375,380,352,345,345,563,568,595,600] It's the final round of the SW WA Regionals.  Teammates Jesse and Henry are the two remaining undefeated players. This is it -- for all the marbles.} 1. e4 d5 2. exd5 Nf6 3. d4 {Theoretically best.} Nxd5 4. Nf3 Bf5 5. c4 $6 {Now 5...Nb4 $1 would have given White some trouble. White would have to play Na3, and the black knight would prove bothersome.} Nf6 6. Nc3 e6 7. Be2 c6 8. Bf4 Nbd7 9. h3 Be7 10. O-O O-O 11. Nh4 Bg6 12. Nxg6 hxg6 13. Qd2 Nb6 14. Rad1 {Both sides have played solidly.  White has the usual minor space and development advantage that often arises from the Scandinavian.} Bd6 $2 {DIAGRAM  A crucial tactical error. 14...Bb4 or 14...Re8 would have been fine.} 15. Bxd6 Qxd6 16. c5 Qc7 17. cxb6 Qxb6 18. Na4 Qc7 19. Qe3 Rad8 20. Qe5 Qd7 {Black, behind on material, rightfully avoids the trade.} 21. Nc5 Qe7 22. Bc4 b6 23. Nd3 Rfe8 24. Nf4 Qb4 25. Bb3 c5 26. dxc5 bxc5 27. Nd3 Qd4 {The hard-to-find 27...Nd7 would have avoided the loss of a pawn.} 28. Qxc5 Qxc5 29. Nxc5 {Bye bye queens.  Will white's extra bishop and queenside majority be enough $2} Nd5 30. Rfe1 Nf6 31. Rxd8 Rxd8 32. Rd1 Rc8 {Allows the shot:} 33. Nxe6 {The knight is poison.} Re8 34. Ng5 {...and Jesse went on to win the game and the tournament.} 1-0

[Event "Inland Chess Classic"]
[Site "Rathdrum, ID"]
[Date "2025.02.22"]
[Round "3"]
[White "Wannamaker, Linus"]
[Black "Donaldson, John"]
[Result "1-0"]
[Annotator "Linus Wannamaker"]
[WhiteElo "1826"]
[BlackElo "2406"]
[PlyCount "119"]
[GameId "2148550657081344"]
[EventDate "2025.02.22"]
[EventType "swiss"]
[EventRounds "5"]
[EventCountry "USA"]

{[%evp 0,119,19,-12,11,10,40,27,15,16,4,-8,5,11,26,1,32,7,38,-12,-5,24,20,3,19,10,10,-1,0,-16,18,13,-3,-4,-4,-7,-7,-55,-16,-64,-64,-75,-84,-79,-68,-64,-32,-111,-91,-96,-72,-53,-9,-25,-23,-52,-7,10,22,-22,9,-8,-12,-7,34,20,21,13,13,-21,-15,-17,0,-34,-69,-111,-115,-133,-124,-130,-86,-96,0,34,34,-86,0,0,0,0,161,104,104,101,299,346,353,300,300,292,318,344,377,383,380,348,29969,384,391,411,397,394,804,1012,1014,1242,1292,27209,1312,1322,1322,26801] Coming into this game, I was glad to be paired against such a strong player, and I knew that I had nothing to lose.} 1. c4 c5 2. Nc3 g6 3. g3 Bg7 4. Bg2 Nc6 5. Rb1 d6 6. d3 e5 {Aha! A Botvinnik setup with reversed colors.} 7. a3 a5 8. h4 {If Black doesn't play h5, White gets a dangerous attack. This forces h5, which deprives Black of play on the kingside.} h5 9. e3 {There's much less play after 9. e4. My goal was to give my opponent rope to hang himself with.} Nge7 10. Nge2 O-O 11. b3 Rb8 12. O-O Be6 13. Nd5 b5 14. Bb2 f5 {Black has a lot of space. White is aiming for a pawn break with d4, while Black's play is on the queenside.} 15. Ba1 $6 Bf7 16. Nxe7+ Nxe7 17. Qc2 Qd7 18. d4 a4 {This was a critical position for me. After 18... exd4 19. exd4 bxc4 20.bxc4 cxd4 21. Bxd4, both sides are fine. After 18... cxd4 19. exd4, White's pawns will be weak.} 19. d5 {This deprives Black's pieces of squares and secures White's pawns.} axb3 20. Rxb3 bxc4 21. Qxc4 Rxb3 22. Qxb3 {What just happened? White has a passed a-pawn while Black has a protected passed c-pawn. Black's minor pieces will take some time to get in the game. The d5-pawn can be protected easily enough, and White has some activity. I had around 10 minutes remaining while my opponent had an hour. The position is about equal.} Qc7 23. Qc4 Rb8 24. e4 {Securing d5.} Qb7 25. Nc3 Qb3 26. Qa6 Qb6 27. Qd3 Ra8 {Targeting a3.} 28. Rb1 Qc7 29. Nb5 Qd8 30. f3 fxe4 31. fxe4 Kh7 32. Bc3 Ng8 33. Bd2 Bh6 34. Bh3 Bxd2 35. Qxd2 Nf6 36. Qe3 Be8 {White's pieces might become a bit loose.} 37. Qc1 Bxb5 38. Rxb5 Rb8 39. a4 Rxb5 40. axb5 {White is forced to solve problems quickly after 40... Nxe4 41. Qb1. It's a big mess, but it should be equal. Navigating this in time trouble would have been hard.} Qb6 $6 41. Qg5 Qd8 42. Kf1 c4 43. Ke2 c3 44. Kd3 c2 45. Kxc2 Qc7+ 46. Kd3 Nxe4 $4 {So, this is the big mistake. At 11 PM, I didn't know or care why my opponent played this move. Perhaps this can be explained by a bit of psychology: when a lower-rated player plays well against a higher-rated player, the higher-rated player is prone to blunder. 46... Qd8 47. b6 Kg7 48. Bf5 Qe8 is fine.} 47. Kxe4 {White is just winning now.} Qc4+ 48. Kf3 Qxd5+ 49. Kf2 Qxb5 50. Qe7+ Kh6 51. Qxd6 Qb2+ 52. Kg1 Qe2 53. Bg2 e4 54. Qf4+ Kg7 55. Qxe4 Qxe4 56. Bxe4 Kh6 57. Kg2 g5 58. hxg5+ Kxg5 59. Kh3 h4 {Imagine what a tragedy this game would have been if I had taken on h4!} 60. g4 1-0